000 01584nam0a2200349 4500
001 RU\NLR\bibl\170201
005 20250618060128.0
010 _a5-9221-0077-7
_93000
021 _aRU
_b2001-17307
_9803
035 _a(NLR Aleph) 000166990
090 _a961544
_c961544
100 _a20010712d2001 |||y0rusy50 ca
101 0 _arus
102 _aRU
105 _aa |||||||||
200 1 _aКвантовая механика с задачами
_e[Учеб. пособие для студентов физ. фак. вузов]
_fП.В. Елютин, В.Д. Кривченков
_gПод ред. акад. Н.Н. Боголюбова
205 _a2-е изд., перераб.
210 _aМ.
_cФИЗМАТЛИТ
_cУНЦ довуз. образования МГУ
_d2001
215 _a298, [2] с.
_cил.
_d22
320 _aПредм. указ.: с. 299-300
606 0 _aКвантовая механика
_jРуководства, пособия и т.п. для высшей школы
_9893795
_3RU\NLR\auth\663496
606 0 _aКвантовая механика
_jУчебные издания для высшей школы
_9893795
_3RU\NLR\auth\663496
686 _aВ314
700 1 _aЕлютин
_bП. В.
_gПавел Вячеславович
_4070
701 1 _aКривченков
_bВ. Д.
_gВладимир Дмитриевич
_4070
801 0 _aRU
_bNLR
_c20010712
_gPSBO
801 1 _aRU
_bNLR
_c20010712
830 _aАвт. по кн.
942 _cBOOK
980 _aNB